banner-ar

ON WAR / (Record no. 6188)

MARC details
000 -الفاتح
حقل البيانات ثابتة الطول 00630nam a2200229Ia 4500
008 - عناصر البيانات ثابتة الطول - معلومات عامة
حقل البيانات ثابتة الطول 140319s9999 xx 000 0 eng d
020 ## - الرقم الدولى المعيارى للكتب
الرقم الدولى المعيارى للكتاب 1857151216
040 ## - مصدر الفهرسة
وكالة الفهرسة الأصلية GCL /
وكالة النسخ GCL
082 04 - رقم تصنيف ديوى العشرى
رقم التصنيف 355.02
رقم المادة C O
100 1# - المدخل الرئيسى - إسم شخصى
الإسم الشخصى HOWARD, MICHAEL
245 10 - بيان العنوان
العنوان ON WAR /
بيان المسئوليه,etc HOWARD, MICHAEL
700 1# - المدخل الاضافى - اسم شخصى
الإسم الشخصى CLAUSEWITZ, CARL VON
700 1# - المدخل الاضافى - اسم شخصى
الإسم الشخصى PARET, PETER
260 ## - PUBLICATION, DISTRIBUTION, ETC. (IMPRINT)
تاريخ النشر أو التوزيع 1993
300 ## - الوصف المادى
التعداد 21 CM ؛
أبعاد الوعاء XLI, 870 P
490 ## - بيان السلسلة
عنوان السلسلة THE MILLENNIUM LIBRARY
رقم المجلد/ التعيين التسلسلي 121
650 04 - المدخل الاضافى بالموضوع-مصطلح موضوعى
مصطلح موضوعي MILITARY SCIENCE
650 04 - المدخل الاضافى بالموضوع-مصطلح موضوعى
مصطلح موضوعي WAR
650 04 - المدخل الاضافى بالموضوع-مصطلح موضوعى
مصطلح موضوعي MILITRAY ART AND SCIENCE - ECONOMIC ASPECTS
942 ## - عناصر المدخل الإضافي( كوها)
مصدر التصنيف او مخطط الترفيف Dewey Decimal Classification
Koha [default] item type كتاب
260 ## - PUBLICATION, DISTRIBUTION, ETC. (IMPRINT)
-- انجلترا :
-- EVERYMAN'S LIBRARY ،
Holdings
حالة التراجع حالة الفقد حالة تلف ليس للاعارة المكان المؤقت الموقع الحالى تاريخ الاكتساب اجمالي اﻻعارات رقم الطلب الباركود تاريخ اخر مشاهدة تاريخ تفعيل السعر نوع وعاء كوها
        مكتبة القاهرة الكبرى مكتبة القاهرة الكبرى 03/26/2014   355.02\C O 13001 03/26/2014 03/26/2014 كتاب
        مكتبة القاهرة الكبرى مكتبة القاهرة الكبرى 03/26/2014   355.02\C O 13002 03/26/2014 03/26/2014 كتاب

Powered By

EGPV